[Event "Biel Master Tournament 2019"]
[Site "Biel"]
[Date "2019.07.22"]
[Round "1.11"]
[White "Ludwig, Peter"]
[Black "Gopal G.N."]
[Result "0-1"]
[WhiteElo "2207"]
[BlackElo "2594"]
[Annotator "ChessBase"]
[PlyCount "57"]
[EventDate "2019.07.20"]
[EventType "swiss"]
[EventCountry "SUI"]
[SourceTitle "playchess.com"]
[Source "ChessBase"]
[SourceQuality "1"]
[TimeControl "40/5400+30:1800+30"]

1. Nf3 {[%emt 0:00:00]} c5 {[%emt 0:00:00]} 2. c4 {[%emt 0:00:13]} Nc6 {[%emt 0:00:14]} 3. Nc3 {[%emt 0:01:28]} Nf6 {[%emt 0:04:57]} 4. g3 {[%emt 0:02:12]} g6 {[%emt 0:01:35]} 5. Bg2 {[%emt 0:00:15]} d6 {[%emt 0:02:52]} 6. O-O {[%emt 0:01:21]} Bg7 {[%emt 0:00:04]} 7. a3 {[%emt 0:02:14]} O-O {[%emt 0:02:21]} 8. Rb1 {[%emt 0:00:06]} Bf5 {[%emt 0:05:37]} 9. d3 {[%emt 0:00:44]} Qd7 {[%emt 0:00:03]} 10. b4 {[%emt 0:01:28]} Rac8 {[%emt 0:18:36]} 11. bxc5 {[%emt 0:01:52]} dxc5 {[%emt 0:00:05]} 12. Nd5 {[%emt 0:06:04]} b6 {[%emt 0:10:58]} 13. Bb2 {[%emt 0:07:31]} Nxd5 {[%emt 0:00:33]} 14. cxd5 {[%emt 0:01:59]} Nd4 {[%emt 0:00:34]} 15. Nxd4 {[%emt 0:04:24]} cxd4 {[%emt 0:01:07]} 16. Qb3 {[%emt 0:16:26]} Rc5 {[%emt 0:08:56]} 17. Rfc1 {[%emt 0:03:18]} Rfc8 {[%emt 0:00:10]} 18. a4 {[%emt 0:07:32]} h5 {[%emt 0:13:44]} 19. h4 {[%emt 0:03:10]} Bg4 {[%emt 0:01:07]} 20. Kf1 {[%emt 0:01:02]} Bh3 {[%emt 0:02:17]} 21. Bxh3 {[%emt 0:08:58]} Qxh3+ {[%emt 0:02:08]} 22. Kg1 {[%emt 0:00:06]} g5 {[%emt 0:07:02]} 23. Rxc5 {[%emt 0:03:55]} Rxc5 {[%emt 0:00:04]} 24. hxg5 {[%emt 0:01:00]} h4 {[%emt 0:00:25]} 25. g6 {[%emt 0:05:21]} hxg3 {[%emt 0:00:19]} 26. gxf7+ {[%emt 0:00:09]} Kf8 {[%emt 0:01:01]} 27. fxg3 {[%emt 0:00:12]} Be5 {[%emt 0:02:09]} 28. Ba3 {[%emt 0:02:00]} Bxg3 {[%emt 0:00:25]} 29. Ra1 {[%emt 0:00:51]} 0-1

[Event "Biel Master Tournament 2019"]
[Site "Biel"]
[Date "2019.07.22"]
[Round "1.12"]
[White "Santos Latasa, Jaime"]
[Black "Baltic, Fatih"]
[Result "1/2-1/2"]
[WhiteElo "2594"]
[BlackElo "2203"]
[Annotator "ChessBase"]
[PlyCount "134"]
[EventDate "2019.07.20"]
[EventType "swiss"]
[EventCountry "SUI"]
[SourceTitle "playchess.com"]
[Source "ChessBase"]
[SourceQuality "1"]
[TimeControl "40/5400+30:1800+30"]

1. Nf3 {[%emt 0:04:41]} Nf6 {[%emt 0:00:00]} 2. g3 {[%emt 0:00:11]} d5 {[%emt 0:00:00]} 3. Bg2 {[%emt 0:00:05]} e6 {[%emt 0:01:16]} 4. O-O {[%emt 0:00:08]} a6 {[%emt 0:02:05]} 5. b3 {[%emt 0:02:47]} c5 {[%emt 0:01:56]} 6. c4 {[%emt 0:00:17]} Be7 {[%emt 0:02:51]} 7. cxd5 {[%emt 0:02:35]} Nxd5 {[%emt 0:00:16]} 8. Bb2 {[%emt 0:00:08]} O-O {[%emt 0:00:49]} 9. d4 {[%emt 0:00:38]} Nd7 {[%emt 0:07:13]} 10. e4 {[%emt 0:01:18]} N5f6 {[%emt 0:00:41]} 11. Nc3 {[%emt 0:00:30]} cxd4 {[%emt 0:03:46]} 12. Nxd4 {[%emt 0:00:44]} Ne5 {[%emt 0:03:16]} 13. Nce2 {[%emt 0:10:06]} Qb6 {[%emt 0:04:16]} 14. Qd2 {[%emt 0:07:49]} Rd8 {[%emt 0:10:01]} 15. Rad1 {[%emt 0:02:54]} Bd7 {[%emt 0:09:23]} 16. Bc3 {[%emt 0:02:16]} a5 {[%emt 0:04:35]} 17. Qb2 {[%emt 0:04:13]} a4 {[%emt 0:03:10]} 18. Rd2 {[%emt 0:07:18]} axb3 {[%emt 0:10:58]} 19. axb3 {[%emt 0:01:07]} Ba3 {[%emt 0:03:35]} 20. Qb1 {[%emt 0:00:25]} Bb4 {[%emt 0:01:21]} 21. Rfd1 {[%emt 0:00:44]} Be8 {[%emt 0:02:28]} 22. h3 {[%emt 0:02:34]} Nc6 {[%emt 0:10:58]} 23. Qb2 {[%emt 0:06:14]} Bxc3 {[%emt 0:05:13]} 24. Qxc3 {[%emt 0:00:34]} Nxd4 {[%emt 0:01:03]} 25. Nxd4 {[%emt 0:00:15]} Rac8 {[%emt 0:01:24]} 26. Qb2 {[%emt 0:00:23]} Nd7 {[%emt 0:00:50]} 27. Kh2 {[%emt 0:08:25]} f6 {[%emt 0:07:35]} 28. f4 {[%emt 0:01:14]} Bf7 {[%emt 0:01:11]} 29. b4 {[%emt 0:05:00]} Nf8 {[%emt 0:01:17]} 30. Nf3 {[%emt 0:00:24]} Rxd2 {[%emt 0:00:13]} 31. Rxd2 {[%emt 0:00:08]} Rc4 {[%emt 0:00:12]} 32. Rd4 {[%emt 0:00:07]} Rxd4 {[%emt 0:00:10]} 33. Nxd4 {[%emt 0:00:43]} Qc7 {[%emt 0:01:04]} 34. e5 {[%emt 0:01:01]} fxe5 {[%emt 0:00:04]} 35. Nb5 {[%emt 0:00:06]} Qc4 {[%emt 0:01:18]} 36. Nd6 {[%emt 0:00:10]} Qd4 {[%emt 0:01:00]} 37. Qxd4 {[%emt 0:00:08]} exd4 38. Bxb7 {[%emt 0:00:13]} Nd7 {[%emt 0:00:23]} 39. Kg2 {[%emt 0:00:29]} Kf8 {[%emt 0:00:22]} 40. Bc6 {[%emt 0:01:07]} Nb6 {[%emt 0:00:44]} 41. Nxf7 {[%emt 0:31:08]} Kxf7 {[%emt 0:30:01]} 42. Kf3 {[%emt 0:00:18]} Ke7 {[%emt 0:00:00]} 43. Ke4 {[%emt 0:00:00]} Kd6 {[%emt 0:00:00]} 44. b5 {[%emt 0:00:00]} Kc5 {[%emt 0:00:00]} 45. Ke5 {[%emt 0:00:00]} d3 {[%emt 0:00:00]} 46. Kxe6 {[%emt 0:00:00]} Kd4 {[%emt 0:00:00]} 47. Bf3 {[%emt 0:00:00]} Ke3 {[%emt 0:00:00]} 48. Bd1 {[%emt 0:00:00]} Kf2 {[%emt 0:00:00]} 49. Kf7 {[%emt 0:00:00]} g6 {[%emt 0:00:00]} 50. Kg7 {[%emt 0:00:00]} Kxg3 {[%emt 0:02:03]} 51. Kxh7 {[%emt 0:00:00]} Kxf4 {[%emt 0:00:39]} 52. Kxg6 {[%emt 0:00:00]} Kg3 {[%emt 0:00:48]} 53. Bg4 {[%emt 0:00:00]} Kh4 {[%emt 0:01:18]} 54. Kf5 {[%emt 0:00:00]} Nc4 {[%emt 0:01:16]} 55. Kf6 {[%emt 0:04:08]} d2 {[%emt 0:00:30]} 56. Ke6 {[%emt 0:00:49]} Kg3 {[%emt 0:00:19]} 57. Ke7 {[%emt 0:03:16]} Ne5 {[%emt 0:01:55]} 58. Bd1 {[%emt 0:00:46]} Nc4 {[%emt 0:00:18]} 59. Kd7 {[%emt 0:01:28]} Kxh3 {[%emt 0:00:20]} 60. Kc6 {[%emt 0:00:06]} Kg3 {[%emt 0:00:24]} 61. Kc5 {[%emt 0:00:25]} Na5 {[%emt 0:00:07]} 62. Kb4 {[%emt 0:00:56]} Nb7 {[%emt 0:00:04]} 63. Kc3 {[%emt 0:00:06]} Kf4 {[%emt 0:00:04]} 64. Kxd2 {[%emt 0:00:06]} Ke5 {[%emt 0:00:03]} 65. Kc3 {[%emt 0:00:08]} Kd6 {[%emt 0:00:24]} 66. Bf3 {[%emt 0:00:24]} Kc5 {[%emt 0:00:08]} 67. Bxb7 {[%emt 0:00:05]} Kxb5 {[%emt 0:00:03]} 1/2-1/2

[Event "Biel Master Tournament 2019"]
[Site "Biel"]
[Date "2019.07.22"]
[Round "1.13"]
[White "Misiano, Franco"]
[Black "Petrosyan, Manuel"]
[Result "0-1"]
[WhiteElo "2202"]
[BlackElo "2592"]
[Annotator "ChessBase"]
[PlyCount "160"]
[EventDate "2019.07.20"]
[EventType "swiss"]
[EventCountry "SUI"]
[SourceTitle "playchess.com"]
[Source "ChessBase"]
[SourceQuality "1"]
[TimeControl "40/5400+30:1800+30"]

1. e4 {[%emt 0:00:00]} e5 {[%emt 0:06:49]} 2. f4 {[%emt 0:00:42]} d5 {[%emt 0:01:51]} 3. exd5 {[%emt 0:00:09]} exf4 {[%emt 0:00:04]} 4. Nf3 {[%emt 0:01:05]} Nf6 {[%emt 0:00:09]} 5. Bb5+ {[%emt 0:00:24]} c6 {[%emt 0:00:36]} 6. dxc6 {[%emt 0:00:10]} Nxc6 {[%emt 0:00:12]} 7. d4 {[%emt 0:02:05]} Bd6 {[%emt 0:00:26]} 8. O-O {[%emt 0:03:10]} O-O {[%emt 0:00:06]} 9. c3 {[%emt 0:07:19]} Bg4 {[%emt 0:03:32]} 10. Nbd2 {[%emt 0:01:51]} Rc8 {[%emt 0:02:16]} 11. Bc4 {[%emt 0:08:08]} Ne7 {[%emt 0:07:20]} 12. h3 {[%emt 0:08:33]} Bh5 {[%emt 0:02:44]} 13. Bd3 {[%emt 0:00:51]} Ned5 {[%emt 0:04:17]} 14. Ne4 {[%emt 0:05:19]} Re8 {[%emt 0:05:37]} 15. Qc2 {[%emt 0:06:18]} Nxe4 {[%emt 0:06:30]} 16. Bxe4 {[%emt 0:00:05]} Bg6 {[%emt 0:00:04]} 17. Bxg6 {[%emt 0:01:08]} hxg6 {[%emt 0:00:09]} 18. Qb3 {[%emt 0:04:07]} Nb6 {[%emt 0:12:20]} 19. Ne5 {[%emt 0:07:40]} Bxe5 {[%emt 0:03:32]} 20. dxe5 {[%emt 0:00:04]} g5 {[%emt 0:02:28]} 21. h4 {[%emt 0:00:17]} Rc4 {[%emt 0:01:36]} 22. a4 {[%emt 0:02:56]} Qc7 {[%emt 0:04:56]} 23. hxg5 {[%emt 0:05:24]} Nd5 {[%emt 0:03:02]} 24. Bd2 {[%emt 0:05:44]} Rxe5 {[%emt 0:04:23]} 25. Rae1 {[%emt 0:03:52]} Qc5+ {[%emt 0:00:39]} 26. Rf2 {[%emt 0:01:18]} Rxe1+ {[%emt 0:01:27]} 27. Bxe1 {[%emt 0:00:06]} Re4 {[%emt 0:00:23]} 28. Qd1 {[%emt 0:01:03]} Re5 {[%emt 0:02:35]} 29. Bd2 {[%emt 0:03:54]} Rxg5 {[%emt 0:00:46]} 30. b4 {[%emt 0:01:35]} Qb6 {[%emt 0:08:03]} 31. a5 {[%emt 0:02:01]} Qh6 {[%emt 0:03:31]} 32. Bxf4 {[%emt 0:02:38]} Nxf4 {[%emt 0:00:40]} 33. Rxf4 {[%emt 0:00:53]} Rxg2+ {[%emt 0:00:16]} 34. Kxg2 {[%emt 0:00:07]} Qxf4 {[%emt 0:00:08]} 35. Qd8+ {[%emt 0:00:37]} Kh7 {[%emt 0:00:08]} 36. Qd5 {[%emt 0:01:38]} b6 {[%emt 0:03:23]} 37. axb6 {[%emt 0:06:21]} axb6 {[%emt 0:00:13]} 38. c4 {[%emt 0:00:18]} Qg4+ {[%emt 0:03:15]} 39. Kf2 {[%emt 0:01:37]} Kg6 {[%emt 0:02:29]} 40. Qc6+ {[%emt 0:05:08]} f6 {[%emt 0:00:50]} 41. Qxb6 {[%emt 0:32:19]} Qf4+ {[%emt 0:30:20]} 42. Kg2 {[%emt 0:00:24]} Qxc4 {[%emt 0:00:56]} 43. b5 {[%emt 0:00:12]} Qd5+ {[%emt 0:00:21]} 44. Kf2 {[%emt 0:00:09]} Kf5 {[%emt 0:00:07]} 45. Qb8 {[%emt 0:01:06]} Qd2+ {[%emt 0:00:43]} 46. Kf1 {[%emt 0:00:56]} Qc1+ {[%emt 0:00:34]} 47. Kf2 {[%emt 0:00:13]} Qc2+ {[%emt 0:00:28]} 48. Kf1 {[%emt 0:00:08]} Kg4 {[%emt 0:05:02]} 49. b6 {[%emt 0:00:52]} f5 {[%emt 0:00:07]} 50. Qc7 {[%emt 0:00:33]} Qb1+ {[%emt 0:01:14]} 51. Kf2 {[%emt 0:00:07]} Qb2+ {[%emt 0:00:06]} 52. Kf1 {[%emt 0:01:04]} Qb1+ {[%emt 0:01:36]} 53. Kf2 {[%emt 0:00:09]} Qb2+ {[%emt 0:00:07]} 54. Kf1 {[%emt 0:00:19]} f4 {[%emt 0:01:03]} 55. b7 {[%emt 0:01:32]} Qa1+ {[%emt 0:00:20]} 56. Kf2 {[%emt 0:00:48]} Qd4+ {[%emt 0:00:01]} 57. Kf1 {[%emt 0:00:10]} Qd1+ {[%emt 0:00:47]} 58. Kf2 {[%emt 0:00:05]} Qd2+ {[%emt 0:00:16]} 59. Kf1 {[%emt 0:00:06]} Kg3 {[%emt 0:01:05]} 60. Qxg7+ {[%emt 0:00:00]} Kf3 {[%emt 0:00:00]} 61. Qg4+ {[%emt 0:00:00]} Kxg4 {[%emt 0:00:00]} 62. b8=Q {[%emt 0:00:00]} Qd3+ {[%emt 0:00:00]} 63. Kf2 {[%emt 0:00:00]} Qd4+ {[%emt 0:00:00]} 64. Kf1 {[%emt 0:00:00]} Qc4+ {[%emt 0:00:00]} 65. Kf2 {[%emt 0:00:00]} Qa2+ {[%emt 0:00:00]} 66. Ke1 {[%emt 0:00:00]} Kg3 {[%emt 0:00:00]} 67. Qb6 {[%emt 0:00:00]} Qc2 {[%emt 0:00:00]} 68. Qg1+ {[%emt 0:00:00]} Qg2 {[%emt 0:00:00]} 69. Qd4 {[%emt 0:00:00]} Qh1+ {[%emt 0:00:00]} 70. Kd2 {[%emt 0:00:00]} Qf1 {[%emt 0:00:00]} 71. Qg7+ {[%emt 0:00:00]} Kh2 {[%emt 0:00:00]} 72. Qh6+ {[%emt 0:00:00]} Kg1 {[%emt 0:00:00]} 73. Qh5 {[%emt 0:02:04]} Qg2+ {[%emt 0:00:00]} 74. Kd3 {[%emt 0:02:21]} f3 {[%emt 0:00:00]} 75. Qc5+ {[%emt 0:00:52]} f2 {[%emt 0:00:00]} 76. Ke2 {[%emt 0:00:18]} Qe4+ {[%emt 0:00:00]} 77. Kd2 {[%emt 0:00:20]} Qe1+ {[%emt 0:00:00]} 78. Kd3 {[%emt 0:01:54]} Qd1+ {[%emt 0:00:00]} 79. Ke4 {[%emt 0:00:10]} Qg4+ {[%emt 0:00:00]} 80. Kd3 {[%emt 0:00:47]} Kg2 {[%emt 0:00:00] Kd4} 0-1

[Event "Biel Master Tournament 2019"]
[Site "Biel"]
[Date "2019.07.22"]
[Round "1.14"]
[White "Vaibhav, Suri"]
[Black "Aizenberg, Benny"]
[Result "1-0"]
[WhiteElo "2591"]
[BlackElo "2195"]
[Annotator "ChessBase"]
[PlyCount "83"]
[EventDate "2019.07.20"]
[EventType "swiss"]
[EventCountry "SUI"]
[SourceTitle "playchess.com"]
[Source "ChessBase"]
[SourceQuality "1"]
[TimeControl "40/5400+30:1800+30"]

1. c4 {[%emt 0:00:00]} g6 {[%emt 0:00:00]} 2. Nc3 {[%emt 0:00:17]} c5 {[%emt 0:00:05]} 3. Nf3 {[%emt 0:00:13]} Nc6 {[%emt 0:00:32]} 4. e3 {[%emt 0:01:18]} d6 {[%emt 0:01:20]} 5. d4 {[%emt 0:00:00]} cxd4 {[%emt 0:00:25]} 6. exd4 {[%emt 0:00:00]} Bg4 {[%emt 0:00:41]} 7. Be2 {[%emt 0:10:58]} Bg7 {[%emt 0:02:33]} 8. O-O {[%emt 0:02:39]} Nf6 {[%emt 0:11:25]} 9. h3 {[%emt 0:05:29]} Bf5 {[%emt 0:02:59]} 10. d5 {[%emt 0:02:39]} Nb8 {[%emt 0:07:10]} 11. Nd4 {[%emt 0:01:44]} Bd7 {[%emt 0:01:52]} 12. Be3 {[%emt 0:04:54]} O-O {[%emt 0:03:58]} 13. Re1 {[%emt 0:06:22]} a5 {[%emt 0:05:44]} 14. b3 {[%emt 0:01:58]} Na6 {[%emt 0:03:21]} 15. Rb1 {[%emt 0:01:01]} Nc5 {[%emt 0:06:29]} 16. Bf3 {[%emt 0:00:40]} Ne8 {[%emt 0:06:48]} 17. Qd2 {[%emt 0:00:54]} Nc7 {[%emt 0:06:00]} 18. a3 {[%emt 0:04:05]} e5 {[%emt 0:10:16]} 19. dxe6 {[%emt 0:03:54]} fxe6 {[%emt 0:00:17]} 20. b4 {[%emt 0:04:19]} axb4 {[%emt 0:00:35]} 21. axb4 {[%emt 0:00:06]} Na4 {[%emt 0:00:23]} 22. Nxa4 {[%emt 0:12:10]} Rxa4 {[%emt 0:01:06]} 23. Bg5 {[%emt 0:06:16]} Qa8 {[%emt 0:11:51]} 24. Be7 {[%emt 0:00:33]} Ra2 {[%emt 0:05:04]} 25. Qe3 {[%emt 0:01:41]} Bxd4 {[%emt 0:06:11]} 26. Qxd4 {[%emt 0:00:06]} Rxf3 {[%emt 0:00:05]} 27. gxf3 {[%emt 0:00:15]} b5 {[%emt 0:01:50]} 28. Bxd6 {[%emt 0:03:07]} Qxf3 {[%emt 0:01:56]} 29. Qf4 {[%emt 0:00:26]} Qxf4 {[%emt 0:01:04]} 30. Bxf4 {[%emt 0:00:02]} Na6 {[%emt 0:00:08]} 31. Rbd1 {[%emt 0:02:08]} Bc6 {[%emt 0:00:20]} 32. Rxe6 {[%emt 0:00:25]} Nxb4 {[%emt 0:00:06]} 33. Rb1 {[%emt 0:08:56]} Nd3 {[%emt 0:02:00]} 34. Rxc6 {[%emt 0:01:24]} Nxf4 {[%emt 0:00:02]} 35. cxb5 {[%emt 0:00:05]} Nxh3+ {[%emt 0:00:09]} 36. Kg2 {[%emt 0:00:03]} Nxf2 {[%emt 0:00:08]} 37. b6 {[%emt 0:02:08]} Ne4+ {[%emt 0:00:06]} 38. Kg1 {[%emt 0:00:52]} Nd2 {[%emt 0:01:34]} 39. b7 {[%emt 0:00:23]} Nf3+ {[%emt 0:00:33]} 40. Kf1 {[%emt 0:00:01]} Nd2+ {[%emt 0:00:12]} 41. Ke1 {[%emt 0:30:13]} Nf3+ {[%emt 0:30:33]} 42. Kd1 {[%emt 0:00:02]} 1-0

[Event "Biel Master Tournament 2019"]
[Site "Biel"]
[Date "2019.07.22"]
[Round "1.15"]
[White "Cohen Revivo, Shoham"]
[Black "Sedlak, Nikola"]
[Result "1-0"]
[WhiteElo "2254"]
[BlackElo "2586"]
[Annotator "ChessBase"]
[PlyCount "99"]
[EventDate "2019.07.20"]
[EventType "swiss"]
[EventCountry "SUI"]
[SourceTitle "playchess.com"]
[Source "ChessBase"]
[SourceQuality "1"]
[TimeControl "40/5400+30:1800+30"]

1. e4 {[%emt 0:01:24]} c6 {[%emt 0:00:00]} 2. d4 {[%emt 0:00:14]} d5 {[%emt 0:00:09]} 3. e5 {[%emt 0:00:14]} c5 {[%emt 0:00:18]} 4. dxc5 {[%emt 0:00:14]} e6 {[%emt 0:00:23]} 5. Nf3 {[%emt 0:01:16]} Bxc5 {[%emt 0:00:21]} 6. Bd3 {[%emt 0:00:10]} Ne7 {[%emt 0:00:32]} 7. O-O {[%emt 0:00:12]} Ng6 {[%emt 0:01:11]} 8. Qe2 {[%emt 0:01:52]} Nc6 {[%emt 0:02:18]} 9. c3 {[%emt 0:00:17]} f6 {[%emt 0:04:03]} 10. exf6 {[%emt 0:03:39]} Qxf6 {[%emt 0:01:22]} 11. Bg5 {[%emt 0:01:53]} Qf7 {[%emt 0:02:29]} 12. c4 {[%emt 0:02:04]} O-O {[%emt 0:12:56]} 13. Nc3 {[%emt 0:00:22]} Kh8 {[%emt 0:11:18]} 14. Rad1 {[%emt 0:03:26]} b6 {[%emt 0:04:49]} 15. a3 {[%emt 0:06:03]} a5 {[%emt 0:09:48]} 16. Be3 {[%emt 0:12:43]} Nf4 {[%emt 0:03:11]} 17. Bxf4 {[%emt 0:00:20]} Qxf4 {[%emt 0:00:07]} 18. cxd5 {[%emt 0:00:30]} exd5 {[%emt 0:00:07]} 19. Nxd5 {[%emt 0:00:04]} Qh6 {[%emt 0:00:17]} 20. Qd2 {[%emt 0:08:10]} Bg4 {[%emt 0:15:48]} 21. Qxh6 {[%emt 0:00:07]} gxh6 {[%emt 0:00:06]} 22. Be4 {[%emt 0:00:06]} Rae8 {[%emt 0:03:29]} 23. Rfe1 {[%emt 0:00:09]} Ne5 {[%emt 0:24:01]} 24. b4 {[%emt 0:00:52]} axb4 {[%emt 0:00:06]} 25. axb4 {[%emt 0:00:02]} Bd6 {[%emt 0:00:09]} 26. h3 {[%emt 0:08:39]} Nxf3+ {[%emt 0:00:48]} 27. Bxf3 {[%emt 0:00:07]} Bxf3 {[%emt 0:01:49]} 28. gxf3 {[%emt 0:00:42]} b5 {[%emt 0:00:06]} 29. Rxe8 {[%emt 0:00:40]} Rxe8 {[%emt 0:00:07]} 30. Rd4 {[%emt 0:00:55]} Kg7 {[%emt 0:00:24]} 31. Kg2 {[%emt 0:02:57]} Rc8 {[%emt 0:00:42]} 32. f4 {[%emt 0:01:26]} Kf7 {[%emt 0:00:14]} 33. Kf3 {[%emt 0:00:13]} Bf8 {[%emt 0:00:15]} 34. f5 {[%emt 0:01:28]} Rc2 {[%emt 0:00:19]} 35. Ne3 {[%emt 0:06:12]} Rb2 {[%emt 0:00:47]} 36. Rd7+ {[%emt 0:00:17]} Ke8 {[%emt 0:00:26]} 37. Rxh7 {[%emt 0:00:28]} Bxb4 {[%emt 0:00:13]} 38. f6 {[%emt 0:02:01]} Bc5 {[%emt 0:01:27]} 39. Ng4 {[%emt 0:05:13]} Kd8 {[%emt 0:00:48]} 40. Ke4 {[%emt 0:01:11]} Rd2 {[%emt 0:01:32]} 41. Ne5 {[%emt 0:32:24]} Rd4+ {[%emt 0:06:54]} 42. Kf5 {[%emt 0:00:00]} Kc8 {[%emt 0:00:04]} 43. f7 {[%emt 0:00:00]} b4 {[%emt 0:06:12]} 44. Rxh6 {[%emt 0:00:00]} Kb7 {[%emt 0:00:15]} 45. Rc6 {[%emt 0:00:00]} Bf8 {[%emt 0:00:39]} 46. Rc2 {[%emt 0:00:00]} Rd5 {[%emt 0:00:49]} 47. f4 {[%emt 0:00:00]} b3 {[%emt 0:00:17]} 48. Rb2 {[%emt 0:00:00]} Rb5 {[%emt 0:00:05]} 49. Ke6 {[%emt 0:00:00]} Ba3 {[%emt 0:01:58]} 50. Nc4 {[%emt 0:00:00]} 1-0

[Event "Biel Master Tournament 2019"]
[Site "Biel"]
[Date "2019.07.22"]
[Round "1.16"]
[White "Antipov, Mikhail Al."]
[Black "Schweizer, Simon"]
[Result "1-0"]
[WhiteElo "2582"]
[BlackElo "2163"]
[Annotator "ChessBase"]
[PlyCount "81"]
[EventDate "2019.07.20"]
[EventType "swiss"]
[EventCountry "SUI"]
[SourceTitle "playchess.com"]
[Source "ChessBase"]
[SourceQuality "1"]
[TimeControl "40/5400+30:1800+30"]

1. e4 {[%emt 0:00:00]} e5 {[%emt 0:01:09]} 2. Nf3 {[%emt 0:00:00]} Nc6 {[%emt 0:00:07]} 3. Bb5 {[%emt 0:00:00]} a6 {[%emt 0:00:09]} 4. Ba4 {[%emt 0:00:00]} Nf6 {[%emt 0:00:15]} 5. O-O {[%emt 0:00:00]} Be7 {[%emt 0:00:11]} 6. Re1 {[%emt 0:00:04]} b5 {[%emt 0:00:07]} 7. Bb3 {[%emt 0:00:04]} d6 {[%emt 0:00:14]} 8. c3 {[%emt 0:00:07]} O-O {[%emt 0:00:25]} 9. h3 {[%emt 0:00:06]} Nb8 {[%emt 0:01:09]} 10. d4 {[%emt 0:00:08]} Nbd7 {[%emt 0:00:11]} 11. Nbd2 {[%emt 0:00:09]} Bb7 {[%emt 0:00:17]} 12. c4 {[%emt 0:02:45]} h6 {[%emt 0:06:32]} 13. Qe2 {[%emt 0:10:53]} c6 {[%emt 0:05:12]} 14. a4 {[%emt 0:01:34]} bxa4 {[%emt 0:08:09]} 15. Bxa4 {[%emt 0:00:21]} c5 {[%emt 0:00:28]} 16. d5 {[%emt 0:07:18]} Nb6 {[%emt 0:06:04]} 17. Bc2 {[%emt 0:00:06]} a5 {[%emt 0:00:13]} 18. Nb1 {[%emt 0:00:34]} Ba6 {[%emt 0:03:34]} 19. Nfd2 {[%emt 0:00:37]} Bc8 {[%emt 0:00:28]} 20. Nf1 {[%emt 0:02:17]} Re8 {[%emt 0:01:18]} 21. Bd2 {[%emt 0:01:49]} a4 {[%emt 0:02:08]} 22. Nc3 {[%emt 0:00:14]} Bd7 {[%emt 0:00:43]} 23. Ne3 {[%emt 0:00:08]} Bf8 {[%emt 0:00:36]} 24. Ra3 {[%emt 0:03:37]} g6 {[%emt 0:00:46]} 25. Rea1 {[%emt 0:00:05]} Bg7 {[%emt 0:04:28]} 26. Kh2 {[%emt 0:00:48]} Qe7 {[%emt 0:03:07]} 27. Ned1 {[%emt 0:00:54]} Nh5 {[%emt 0:03:11]} 28. Nxa4 {[%emt 0:02:25]} Nxa4 {[%emt 0:00:17]} 29. Bxa4 {[%emt 0:00:09]} Bxa4 {[%emt 0:00:29]} 30. Rxa4 {[%emt 0:00:05]} Rxa4 {[%emt 0:00:17]} 31. Rxa4 {[%emt 0:00:04]} Nf4 {[%emt 0:00:10]} 32. Qf3 {[%emt 0:00:30]} Qd7 {[%emt 0:00:57]} 33. Qa3 {[%emt 0:02:02]} Rb8 {[%emt 0:00:58]} 34. Nc3 {[%emt 0:14:09]} Bf8 {[%emt 0:05:46]} 35. Nb5 {[%emt 0:00:44]} Qd8 {[%emt 0:02:16]} 36. Ra7 {[%emt 0:01:00]} Qh4 {[%emt 0:00:12]} 37. Qf3 {[%emt 0:03:30]} h5 {[%emt 0:05:32]} 38. Ra3 {[%emt 0:06:29]} g5 {[%emt 0:01:41]} 39. Bxf4 {[%emt 0:00:14]} Qxf4+ {[%emt 0:00:45]} 40. g3 {[%emt 0:00:12]} Qc1 {[%emt 0:01:50]} 41. Ra7 {[%emt 0:30:08]} 1-0

[Event "Biel Master Tournament 2019"]
[Site "Biel"]
[Date "2019.07.22"]
[Round "1.17"]
[White "Zulfic, Fedja"]
[Black "Lalith Babu M R"]
[Result "0-1"]
[WhiteElo "2160"]
[BlackElo "2580"]
[Annotator "ChessBase"]
[PlyCount "66"]
[EventDate "2019.07.20"]
[EventType "swiss"]
[EventCountry "SUI"]
[SourceTitle "playchess.com"]
[Source "ChessBase"]
[SourceQuality "1"]
[TimeControl "40/5400+30:1800+30"]

1. d4 {[%emt 0:00:44]} Nf6 {[%emt 0:00:00]} 2. Nf3 {[%emt 0:00:10]} e6 {[%emt 0:00:16]} 3. Bf4 {[%emt 0:00:36]} c5 {[%emt 0:00:43]} 4. e3 {[%emt 0:02:51]} b6 {[%emt 0:01:51]} 5. Nbd2 {[%emt 0:00:57]} Bb7 {[%emt 0:00:08]} 6. Nc4 {[%emt 0:02:12]} cxd4 {[%emt 0:06:58]} 7. exd4 {[%emt 0:00:59]} b5 {[%emt 0:07:05]} 8. Nd6+ {[%emt 0:20:56]} Bxd6 {[%emt 0:00:11]} 9. Bxd6 {[%emt 0:00:03]} Ne4 {[%emt 0:00:28]} 10. Bf4 {[%emt 0:13:37]} Qa5+ {[%emt 0:01:21]} 11. Bd2 {[%emt 0:01:21]} Nxd2 {[%emt 0:01:12]} 12. Qxd2 {[%emt 0:00:15]} Qxd2+ {[%emt 0:00:04]} 13. Nxd2 {[%emt 0:00:06]} Nc6 {[%emt 0:00:17]} 14. Nb3 {[%emt 0:06:15]} a6 {[%emt 0:01:23]} 15. a3 {[%emt 0:19:15]} Ne7 {[%emt 0:05:10]} 16. f3 {[%emt 0:04:41]} Nd5 {[%emt 0:00:20]} 17. Kf2 {[%emt 0:01:49]} Ke7 {[%emt 0:01:09]} 18. c3 {[%emt 0:01:04]} Nb6 {[%emt 0:00:38]} 19. Nc5 {[%emt 0:08:34]} Bd5 {[%emt 0:01:01]} 20. Bd3 {[%emt 0:03:47]} d6 {[%emt 0:02:11]} 21. Ne4 {[%emt 0:00:07]} Bc4 {[%emt 0:00:04]} 22. Bc2 {[%emt 0:04:42]} Rab8 {[%emt 0:00:29]} 23. Rhb1 {[%emt 0:00:55]} Rhc8 {[%emt 0:00:26]} 24. a4 {[%emt 0:02:43]} bxa4 {[%emt 0:01:05]} 25. Bxa4 {[%emt 0:00:04]} Nxa4 {[%emt 0:00:14]} 26. Rxa4 {[%emt 0:00:06]} Bd3 {[%emt 0:00:03]} 27. Raa1 {[%emt 0:01:09]} Bxb1 {[%emt 0:00:26]} 28. Rxb1 {[%emt 0:00:01]} Rb6 {[%emt 0:00:06]} 29. Nd2 {[%emt 0:00:46]} Rcb8 {[%emt 0:01:23]} 30. b3 {[%emt 0:00:25]} Rc8 {[%emt 0:00:29]} 31. Rc1 {[%emt 0:01:24]} a5 {[%emt 0:00:21]} 32. Ke2 {[%emt 0:00:31]} a4 {[%emt 0:00:24]} 33. b4 {[%emt 0:00:12]} Rxb4 {[%emt 0:00:11]} 0-1